Pinkerton /

Bibliographic Details
Corporate Author: Weezer (Musical group)
Format: CD Audio
Language:English
Published: Santa Monica, CA : Geffen, [2010]
Edition:Deluxe ed.
Subjects:

MARC

Tag First Indicator Second Indicator Subfields
LEADER 00000cjm a2200000Ia 4500
001 in00002783598
005 20151202171557.0
007 sd fungnnmmned
008 101108r20101996caurcnn d n eng d
020 |a 9786313906642 
020 |a 6313906640 
024 1 |a 602527042565 
024 7 |a 00602527042565  |2 gtin-14 
028 0 2 |a B0012913-02  |b Geffen 
028 0 0 |a DGCD-25007  |b DGC 
035 |a (OCoLC)ocn668204392 
035 |a (OCoLC)668204392 
040 |a BTCTA  |b eng  |c BTCTA  |d TEF  |d OLP  |d WIM  |d MLN  |d OCLCQ  |d UtOrBLW 
049 |a TXAM 
050 1 4 |a M1630.18.W44  |b P55 2010 
082 0 4 |a 782.42166  |2 22 
090 |a M1630.18.W397  |b P56 2010 
110 2 |a Weezer (Musical group) 
245 1 0 |a Pinkerton /  |c Weezer. 
250 |a Deluxe ed. 
264 1 |a Santa Monica, CA :  |b Geffen,  |c [2010] 
264 4 |c ℗2010 
300 |a 2 sound discs :  |b digital ;  |c 4 3/4 in. 
336 |a performed music  |b prm  |2 rdacontent 
337 |a audio  |b s  |2 rdamedia 
338 |a audio disc  |b sd  |2 rdacarrier 
500 |a Compact discs. 
500 |a Reissue of: DGC DGCD-25007 (p1996); with bonus tracks, including bonus disc of previously unreleased selections. 
508 |a Produced by Weezer. 
511 0 |a Weezer (Brian Bell, Rivers Cuomo, vocals, guitars ; Matt Sharp, vocals, bass, synthesizer ; Patrick Wilson, drums, percussion). 
518 |a Recorded at Sound City, Los Angeles; Fort Apache Studios, Boston; Hollywood Sound Recorders, Los Angeles; Rumbo Recorders, Canoga Park; Electric Lady Studios, NYC; Sept. 1995-June 1996. 
505 0 0 |t Tired of sex --  |t Getchoo --  |t No other one --  |t Why bother? --  |t Across the sea --  |t The good life --  |t El scorcho --  |t Pink triangle --  |t Falling for you --  |t Butterfly --  |g Bonus tracks.  |t You gave your love to me softly ;  |t Devotion ;  |t The good life (radio remix) ;  |t Waiting on you ;  |t I just threw out the love of my dreams ;  |t The good life (live and acoustic) ;  |t Pink triangle (radio remix) ;  |t I swear it's true (previously unreleased) ;  |t Pink triangle (live and acoustic). 
505 0 0 |g Bonus disc.  |t You won't get with me tonight --  |t The good life ;  |t El scorcho ;  |t Pink triangle (live at Y100 Sonic Session) --  |t Why bother? ;  |t El scorcho ;  |t Pink triangle (live at Reading Festival 1996) --  |t The good life (live at X96) --  |t El scorcho (live and acoustic) --  |t Across the sea piano noodles --  |t Butterfly (alternate take) --  |t Long time sunshine --  |t Getting up and leaving --  |t Tired of sex ;  |t Getchoo (tracking rough) --  |t Tragic girl. 
500 |a Lyrics on container insert. 
500 |a Sound recording. 
650 0 |a Alternative rock music. 
650 0 |a Rock music  |y 1991-2000. 
655 7 |a Alternative rock music.  |2 lcgft 
655 7 |a Rock music  |y 1991-2000.  |2 lcgft 
655 4 |a Pop/Rock. 
655 4 |a Alternative Pop/Rock. 
655 4 |a Punk-Pop. 
655 4 |a Alternative/Indie Rock. 
655 4 |a Emo. 
655 7 |a Live sound recordings.  |2 lcgft 
948 |a cataloged  |b h  |c 2012/12/5  |d c  |e jstorlie  |f 4:15:57 pm 
994 |a C0  |b TXA 
999 |a MARS 
999 f f |s c3f7d8be-6994-3437-b103-303c7dc6d761  |i 9fbebb1e-169a-3d04-939f-9be16d69fa6b  |t 0 
952 f f |p ric  |a Texas A&M University  |b Rellis Campus  |c Joint Library Facility  |d Remote Storage  |t 0  |e M1630.18.W397 P56 2010  |h Library of Congress classification  |i audio -- audio disc  |m A14841621278 
998 f f |a M1630.18.W397 P56 2010  |t 0  |l Remote Storage